000
00298nam a22001337a 4500
008
171227b xxu||||| |||| 00| 0 eng d
020
_a
9780737300147
041
_a
eng
080
_2
3RD
_a
61
100
_a
3
101
_a
SHM
245
_a
THE THYROID SOURCEBOOK
_c
ROSENTHAL,M.S
942
_2
udc
_c
BK
999
_c
39494
_d
39494